| 000 | 01077nam a22002537a 4500 | ||
|---|---|---|---|
| 999 |
_c21140 _d21140 |
||
| 003 | AR-CdUCM | ||
| 008 | 190226b ||||| |||| 00| 0 spa d | ||
| 020 | _a987-612-4392-02-3 | ||
| 040 |
_aMUNICIPALIDAD PROVINCIAL DEL CUSCO _cBIBLIOTECA MUNICIPAL DEL CUSCO |
||
| 082 |
_a323.44 / _bG82 |
||
| 245 | _aGlobalización y derechos humanos / | ||
| 260 |
_aCusco : _bUAC, _c2018. |
||
| 300 |
_a166 Páginas; _c24 cm. |
||
| 500 | _aRed Latinoamericana de facultades y escuelas de Derecho V reunión anual. | ||
| 505 | _aContenido: Los derechos humanos y la educación superior la busca de la igualdad en el derecho internacional frente a la globalización -- La necesaria construcción de un concepto de justicia social de propuesta pedagógica Fasbiana -- Derechos humanos en el cine latinoamericano ... | ||
| 650 |
_aDemocracia _92598 |
||
| 650 |
_aDerechos humanos _93264 |
||
| 650 |
_aPolítica _9291 |
||
| 650 |
_aGlobalización _944134 |
||
| 700 |
_aRios Mayorga, Julio _944135 |
||
| 710 |
_aUniversidad Andina del Cusco _9768 |
||
| 942 |
_2ddc _cLIBROS |
||
| 945 | _aRoel | ||